Núcleos de aprendizaje prioritario : nap [cd-rom]
Guardado en:
| Formato: | Libro |
|---|---|
| Publicado: |
Buenos Aires :
Ministerio de Educación, Ciencia y Tecnología
|
| Materias: | |
| Etiquetas: |
Agregar Etiqueta
Sin Etiquetas, Sea el primero en etiquetar este registro!
|
| LEADER | 00766nam a22001815a 4500 | ||
|---|---|---|---|
| 001 | CEM.cems012756 | ||
| 005 | 20080512133935.0 | ||
| 008 | 130507b######################000#0#####d | ||
| 003 | CEMS | ||
| 082 | 0 | 4 | |a CD371 |
| 245 | 0 | 0 | |a Núcleos de aprendizaje prioritario : |b nap [cd-rom] |
| 260 | |a Buenos Aires : |b Ministerio de Educación, Ciencia y Tecnología | ||
| 300 | |a 1 CD-ROM | ||
| 500 | |a Presenta los Núcleos de Aprendizaje Prioritarios, una herramienta fundamental para mejorar los modos de trabajar en las escuelas y contribuir a recuperar una educación igualitaria. | ||
| 505 | 0 | |a Introducción -- NAP inicial -- NAP 1er. Ciclo -- NAP 2do. Ciclo -- NAP 3er. Ciclo | |
| 653 | |a Educación | ||
| 653 | |a Nap | ||
| 859 | |a CEMS |b BIB. CEMS - 11 de abril |h CD371 |i Ar37 |p 2769.44 |t Ej.1 | ||
